000 00509nam a2200169Ia 4500
008 090711s9999 xx 000 0 und d
082 _b47006
100 _aदिघे प्रभाकर तुकाजी
245 _aसुलतान
260 _c1982
300 _a214
600 _aदिघे प्रभाकर तुकाजी
630 _aसुलतान
700 _aदिघे प्रभाकर तुकाजी
730 _aसुलतान
942 _cBOOK
999 _c297388
_d297388